书目信息 |
| 题名: |
电力传输工程
|
|
| 作者: | 松浦虔士 编著 ;曹广益 , 钱允琪 译 | |
| 分册: | ||
| 出版信息: | 北京 科学出版社 2001 |
|
| 页数: | 173页 | |
| 开本: | 26cm | |
| 丛书名: | ||
| 单 册: | ||
| 中图分类: | TM7 | |
| 科图分类: | ||
| 主题词: | 输电--电力工程 , 配电系统--电力工程 , 电力系统 | |
| 电子资源: | ||
| ISBN: | 7-03-009002-0 | |
| 000 | 00749nam0 2200241 450 | |
| 001 | 0748378689 | |
| 005 | 20070727171803.82 | |
| 010 | @a7-03-009002-0@dCNY23.00 | |
| 100 | @a20070726d2001 km y0chiy0120 ea | |
| 101 | 0 | @achi |
| 102 | @aCN@b110000 | |
| 200 | 1 | @a电力传输工程@Adian li chuan shu gong cheng@f(日)松浦虔士编著@F(ri)song pu qian shi bian zhu@g曹广益,钱允琪译@Gcao guang yi,qian yun qi yi |
| 210 | @a北京@c科学出版社@d2001 | |
| 215 | @a173页@d26cm | |
| 606 | 0 | @a输电@x电力工程 |
| 606 | 0 | @a配电系统@x电力工程 |
| 606 | 0 | @a电力系统 |
| 690 | @aTM7@v3 | |
| 701 | 0 | @a松浦虔士@Asong pu qian shi@4编著 |
| 702 | 0 | @a曹广益@Acao guang yi@4译 |
| 702 | 0 | @a钱允琪@Aqian yun qi@4译 |
| 801 | 0 | @aCN@bPFT@c20070727 |
| 905 | @a10447@dTM7@e27 | |
| 电力传输工程/(日)松浦虔士编著/曹广益,钱允琪译.-北京:科学出版社,2001 |
| 173页;26cm |
| ISBN 7-03-009002-0:CNY23.00 |
| ● |
| 相关链接 |
|
|
|
|
正题名:电力传输工程
索取号:TM7/27
 
预约/预借
| 序号 | 登录号 | 条形码 | 馆藏地/架位号 | 状态 | 备注 |
| 1 | 0788859 | 207888598 | 第二样本阅览室/ [索取号:TM7/27] | 在馆 |